000 01031nam a2200205 i 4500
005 20160130123024.0
008 140303m19961997ck |||||r|||| 00| 0 spa d
040 _aCO-BoIAVH
_cCO-BoIAVH
041 _aspa
044 _ack
082 0 4 _a577.6809861
_bR33r
245 0 0 _aReferencias bibliográficas publicadas e inéditas de La Ciénaga Grande de Santa Marta, Caribe colombiano.
260 _aSanta Marta :
_bINVEMAR,
_c1996.
300 _a2 volúmenes ;
_c18 cm.
505 _aVolumen 1.: Ciencias naturales 1964-1995 / José Ernesto Mancera Pineda, Olga Lucia Baena Parra, Juan Carlos Diez Grisales -- Volumen 2.: Ciencias sociales, ingenieria civil, ciencias naturales 1960-1997 / Recopilación, resumen y catalogación Yolanda Martínez Arce.
650 1 4 _aPantanos
_vBibliografías.
_zSanta Marta (Colombia)
650 2 4 _aEcología de pantanos
_vBibliografías.
_zSanta Marta (Colombia)
710 2 _aInstituto de Investigaciones Marinas y Costeras "José Benito Vives de Andreis"
942 _cLIBRO
_2ddc
999 _c1636
_d1636